|
|
|
|
| LEADER |
00975nam a2200253 a 4500 |
| 001 |
c000233449 |
| 003 |
CARM |
| 005 |
00000000000000.0 |
| 008 |
840229s1979 it b 000 0 ita d |
| 019 |
1 |
|
|a 1596623
|5 LACONCORD2021
|
| 020 |
|
|
|a 8800642160
|
| 035 |
|
|
|a (OCoLC)5833293
|5 LACONCORD2021
|
| 043 |
|
|
|a e-it---
|
| 082 |
0 |
4 |
|a 055.109
|
| 100 |
1 |
|
|a Bertacchini, Renato.
|
| 245 |
1 |
3 |
|a Le riviste del Novecento :
|b introduzione e guida allo studio dei periodici italiani : storia, ideologia e cultura /
|c Renato Bertacchini.
|
| 260 |
|
|
|a Firenze :
|b Le Monnier,
|c 1979.
|
| 300 |
|
|
|a x, 248 p. ;
|c 19 cm.
|
| 440 |
|
0 |
|a Profili letterari
|
| 504 |
|
|
|a Bibliography: p. [243]-248.
|
| 650 |
|
0 |
|a Italian periodicals
|x History
|y 20th century.
|
| 852 |
8 |
|
|b CARM
|h A2:AP03A0
|i A03470
|p 0322090
|f BK
|
| 999 |
f |
f |
|i 20ca32f7-b3b3-502c-a288-74d19bd07c51
|s 877c27e8-a16a-59a1-ac78-a7b3c485dc9e
|
| 952 |
f |
f |
|p Can circulate
|a CAVAL
|b CAVAL
|c CAVAL
|d CARM 1 Store
|e A03470
|f A2:AP03A0
|h Other scheme
|i book
|m 0322090
|